00326pab a2200121 454500008004000000100002200040245006200062260000900124300001300133362001100146650002000157773002700177180718b1995 xxu||||| |||| 00| 0 eng d aMead, Lawrence M. aPoverty policy and the poverty of policy toward the poor. c1995 ap.162-64 aSpring aPoverty - India aPolicy Studies Journal